Kraje pokryte zlodowaceniem - Statystyki

Ogólne statystyki
  • Ten quiz został rozwiązany 197 razy
  • Średni wynik to 27 z 29
Statystyki odpowiedzi
Kontynent Kraj % Poprawnych
Europa Polska
99%
Ameryka Północna Stany Zjednoczone
99%
Europa Finlandia
98%
Ameryka Północna Kanada
98%
Europa Norwegia
98%
Europa Rosja
98%
Europa Szwecja
98%
Europa Niemcy
97%
Europa Dania
96%
Europa Łotwa
96%
Europa Estonia
95%
Europa Francja
95%
Europa Islandia
95%
Europa Litwa
95%
Europa Ukraina
95%
Europa Wielka brytania
95%
Europa Czechy
94%
Europa Słowacja
94%
Europa Węgry
94%
Europa Austria
93%
Europa Belgia
93%
Europa Białoruś
93%
Europa Holandia /Niderland
93%
Europa Irlandia
92%
Europa Szwajcaria
92%
Europa Rumunia
91%
Europa Luksemburg
89%
Europa Liechtenstein
87%
Europa Mołdawia
84%
Nie znaleziono quizów pasujących do podanych kryteriów
Rozkład punktacji
Procent ludzi z każdym wynikiem
Percentyl według liczby udzielonych odpowiedzi
Twoja historia wyników
Nie rozwiązałeś tego quizu